Countries with a Credit Rating below B - Statistics

General Stats
  • This quiz has been taken 81 times
    33 since last reset
  • The average score is 13 of 29
Answer Stats
Rating Country % Correct
B− Democratic Republic of the Congo
83%
B− Republic of the Congo
76%
B− Nigeria
72%
CCC+ Mozambique
69%
B− Egypt
62%
B− Kenya
62%
SD Zambia
62%
B− Angola
59%
SD Ethiopia
59%
CCC+ Cameroon
55%
B− Iraq
52%
CCC+ Pakistan
52%
SD Ghana
48%
B− Madagascar
48%
B− Uganda
48%
CCC+ Burkina Faso
45%
SD Ukraine
41%
CCC+ Bolivia
38%
B− Ecuador
31%
B− El Salvador
31%
SD Lebanon
31%
B− Papua New Guinea
28%
CCC Argentina
24%
B− Belize
24%
CCC+ Suriname
21%
B− Tajikistan
21%
SD Sri Lanka
17%
B− Barbados
10%
B− Cape Verde
10%
No matching quizzes found
Score Distribution
Percent of People with Each Score
Percentile by Number Answered
Your Score History
You have not taken this quiz since the last reset